Từ chữ Hán đến chữ Nôm /
Gardado en:
| Autor Principal: | |
|---|---|
| Formato: | Sách giấy |
| Idioma: | Vietnamese |
| Publicado: |
Huế : 2002
Thuận Hoá,
|
| Các nhãn: |
Engadir etiqueta
Sen Etiquetas, Sexa o primeiro en etiquetar este rexistro!
|
| Thư viện lưu trữ: | Thư viện Trường Đại học Đà Lạt |
|---|
| LEADER | 00644nam a2200265 4500 | ||
|---|---|---|---|
| 001 | DLU030025399 | ||
| 005 | ##20021230 | ||
| 008 | ##021230t vn z000 vie d | ||
| 040 | # | # | |a DLU |b vie |
| 041 | # | # | |a vie |
| 044 | # | # | |a vn |
| 082 | # | # | |a 495.922 7 |b LE-L |
| 100 | # | # | |a Lê Nguyễn Lưu |
| 245 | # | # | |a Từ chữ Hán đến chữ Nôm / |c Lê Nguyễn Lưu |
| 260 | # | # | |a Huế : |b Thuận Hoá, |a 2002 |
| 300 | # | # | |a 298 tr. ; |c 21 cm |
| 992 | # | # | |a 30000 |
| 994 | # | # | |a DLU |
| 900 | # | # | |a True |
| 911 | # | # | |a Thái Thị Thanh Thủy |
| 925 | # | # | |a G |
| 926 | # | # | |a A |
| 927 | # | # | |a SH |
| 980 | # | # | |a Thư viện Trường Đại học Đà Lạt |